Catalog

Record Details

Catalog Search



Available copies

  • 1 of 1 copy available at LARL/NWRL Consortium.

Current holds

0 current holds with 1 total copy.

Show Only Available Copies
Location Call Number / Copy Notes Barcode Shelving Location Status Due Date
Crookston Public Library M MRA (Text) 33500012557013 Main Available -

Record details

  • ISBN: 9781683312697
  • ISBN: 1683312694
  • Physical Description: 274 pages ; 23 cm
  • Edition: First edition.
  • Publisher: New York : Crooked Lane Books, 2017.

Content descriptions

Summary, etc.:
"Unfairly disgraced former army officer Jake ... Read More
Subject: Murder > Fiction.
Genre: Detective and mystery fiction.
Suspense fiction.
Mystery fiction.
LDR 01845cam a2200349Ki 4500
001261499
003LARL_NWRL_CONSORTIUM
00520170727153837.0
008170720s2017 nyu 000 1 eng
040 . ‡aJAI ‡beng ‡erda ‡cJAI ‡dJOZ ‡dNPC ‡dCLE
020 . ‡a9781683312697 ‡q(hardback)
020 . ‡a1683312694 ‡q(hardback)
035 . ‡a(OCoLC)994209542
08204. ‡a813/.54 ‡223
1001 . ‡aMrazek, Robert J. ‡0(LARL_NWRL_CONSORTIUM)127256
24510. ‡aDead man's bridge. ‡n#1 / ‡cRobert J. Mrazek.
250 . ‡aFirst edition.
264 1. ‡aNew York : ‡bCrooked Lane Books, ‡c2017.
264 4. ‡c©2017
300 . ‡a274 pages ; ‡c23 cm
336 . ‡atext ‡btxt ‡2rdacontent
337 . ‡aunmediated ‡bn ‡2rdamedia
338 . ‡avolume ‡bnc ‡2rdacarrier
4900 . ‡aJake Cantrell ; ‡v1
520 . ‡a"Unfairly disgraced former army officer Jake Cantrell has only one friend left: Bug, a wolf-dog he saved while serving in Afghanistan. Together, they try to put his bitter past behind him and Jake settles for employment at the bottom rung of the campus security ladder of a small upstate New York college. But things only turn worse when the college's richest and most powerful alumnus is found hanging from a campus footbridge on the eve of homecoming weekend. Jake is convinced the man was murdered, but with no credibility to his name, no one agrees--at least not until a second body is found hanging from the same bridge. But as a vicious hurricane sweeps up the Eastern seaboard, the clock is ticking and it's only a matter of time before the killer strikes again." -- ‡cBook jacket.
650 0. ‡aMurder ‡vFiction. ‡0(LARL_NWRL_CONSORTIUM)165989
655 7. ‡aDetective and mystery fiction. ‡2lcgft
655 7. ‡aSuspense fiction. ‡2gsafd
655 7. ‡aMystery fiction. ‡2gsafd
901 . ‡a261499 ‡bOCoLC ‡c261499 ‡tbiblio ‡soclc

Additional Resources